000 00684nam a2200253Ia 4500
008 180523s9999 xx 000 0 und d
020 _a0-486-28738-6
050 _aMAIN E 185.97
050 _b.W37 1995
100 _aWashington, Booker T.
245 0 _aUp from slavery /
245 0 _cBooker T. Washington.
260 _aNew York :
260 _bDover Pub, Inc.,
260 _c1995
300 _a166 pages :
300 _c21 cm.
440 _aDover thrift editions
500 _aIncludes index.
650 _aEducators -- United States -- Biography.
650 _aWashington, Booker T.
650 _xAfro-Americans -- Biography.
650 _xTuskegee Insitute.
999 _c356617
_d356617